| 000 | 01059ngm a22003610a 4500 | ||
|---|---|---|---|
| 001 | PT41562 | ||
| 003 | AR-LpoUNG | ||
| 005 | 20210201232329.0 | ||
| 007 | co ||u|||uuuuu | ||
| 008 | 191001s2005||||ag |||||||||||||||||spa d | ||
| 020 |
_a950896359X _c$13.60 |
||
| 040 |
_aAR-LpoUNG _bspa _cAR-LpoUNG _eaacr |
||
| 041 | _aspa | ||
| 044 | _aag | ||
| 082 | 0 | _a304.602 1 38-2001Bbas | |
| 245 | 1 | 0 |
_aCenso nacional de población, hogares y viviendas 2001 : _bbase de datos versión 1.2 hasta nivel de radio censal |
| 260 |
_aBuenos Aires : _bINDEC, _cdiciembre de 2005. |
||
| 300 | _adiagrs., gráfs. | ||
| 650 | 4 | _aARGENTINA | |
| 650 | 4 | _aBASES DE DATOS | |
| 650 | 4 | _aCENSOS | |
| 650 | 4 | _aCENSOS DE VIVIENDAS | |
| 650 | 4 | _aDATOS ESTADISTICOS | |
| 650 | 4 | _aENCUESTAS | |
| 650 | 4 | _aESTADISTICA | |
| 650 | 4 | _aESTADISTICAS DEMOGRAFICAS | |
| 650 | 4 | _aMETODO DE INVESTIGACION | |
| 650 | 4 | _aSISTEMAS DE INFORMACION | |
| 651 | 4 | _aArgentina | |
| 710 | 2 | _aInstituto Nacional de Estadística y Censos (Argentina) | |
| 905 | _a41562 | ||
| 942 | _cCDDVD | ||
| 999 |
_c53388 _d53388 |
||